000 00403nam a2200145Ia 4500
008 090124s9999 xx 000 0 und d
082 _b300494
245 _a गूढकथा
250 _a2
260 _bभावे पु. भा. (पुरुषोत्तम भास्कर)
_c1980
300 _a148
630 _a गूढकथा
730 _a गूढकथा
942 _cBOOK
999 _c190048
_d190048